| 000 | 00515cam a2200157ua 4500 | ||
|---|---|---|---|
| 041 |
_aeng _h |
||
| 082 |
_a028.7462 _bVAR/SE |
||
| 100 | _aVarma, C.V.J. | ||
| 245 |
_aSeminar on residual life assessment ,renovation and modernisation of existing thermal power plants 25-26 Feb-1999 Culcutta / _cC V J Varma. _hTextual Documents |
||
| 260 |
_aNew Delhi : _bCentral Board of Irrigation and Power (CBIP) , _c1999. |
||
| 300 | _a300 ; . | ||
| 504 | _a | ||
| 700 | 1 | _aLal, P K . | |
| 942 | _cBK | ||
| 999 |
_c6321 _d6321 |
||